Central Library OPAC University of Rajshahi

Operator techniques in atomic spectroscopy / (Record no. 9445)

MARC details
000 -LEADER
fixed length control field 00861nam a22002771 4500
001 - CONTROL NUMBER
control field 9445
003 - CONTROL NUMBER IDENTIFIER
rucl marc code BD-RjUL
005 - DATE AND TIME OF LATEST TRANSACTION
control field 20211208234759.0
008 - FIXED-LENGTH DATA ELEMENTS--GENERAL INFORMATION
fixed length control field 140121t1963 nyua b 00100 eng
035 ## - SYSTEM CONTROL NUMBER
System control number (BD-RjUL)9490
040 ## - CATALOGING SOURCE
Original cataloging agency DLC
Transcribing agency DLC
Modifying agency m.c.
-- BOS
-- BD-RjUL
Language of cataloging eng
041 ## - LANGUAGE CODE
Language code of text/sound track or separate title eng
082 04 - DEWEY DECIMAL CLASSIFICATION NUMBER
Edition number 16
Classification number 539.14
Author mark and year JUO 1963
090 ## - LOCALLY ASSIGNED LC-TYPE CALL NUMBER (OCLC); LOCAL CALL NUMBER (OCLC)
Classification number (OCLC) (R) ; Classification number, CALL (RLIN) (NR) QA432
Local cutter number (OCLC) ; Book number/undivided call number, CALL (RLIN) F63
100 1# - MAIN ENTRY--PERSONAL NAME
Personal name Judd, Brian R.
9 (RLIN) 29268
245 10 - TITLE STATEMENT
Title Operator techniques in atomic spectroscopy /
Statement of responsibility, etc. Brian. R. judd
260 ## - PUBLICATION, DISTRIBUTION, ETC. (IMPRINT)
Place of publication, distribution, etc. New York :
Name of publisher, distributor, etc. McGraw-Hill,
Date of publication, distribution, etc. c1963
300 ## - PHYSICAL DESCRIPTION
Pagination 242 p. :
Illustrations illus. ;
Size 24 cm.
490 0# - SERIES STATEMENT
Series statement McGraw-Hill advanced physics monograph series.
504 ## - BIBLIOGRAPHY, ETC. NOTE
Bibliography, etc Includes bibliographical reference and index.
650 #0 - SUBJECT ADDED ENTRY--TOPICAL TERM
Topical term or geographic name as entry element Atomic spectra
General subdivision Mathematics.
9 (RLIN) 29269
Topical term or geographic name as entry element Calculus, Operational.
9 (RLIN) 19806
Topical term or geographic name as entry element Continuous groups.
9 (RLIN) 19496
942 ## - ADDED ENTRY ELEMENTS (KOHA)
Source of classification or shelving scheme Dewey Decimal Classification
Koha item type Books
Holdings
Lost status Source of classification or shelving scheme Damaged status Not for loan Collection code Permanent Location Current Location Shelving location Date acquired Source of acquisition Cost, normal purchase price Total Checkouts Full call number Date last seen Copy number Koha item type
  Dewey Decimal Classification   Not For Loan Non-fiction Central Library, University of Rajshahi Central Library, University of Rajshahi Reading Room 07/05/1964 Zeitlinger 77.00   539.14 JUO 1963 21/01/2014 C-1 Books